The abstract Riemann-Stieltjes integral and its applications to linear differenctial equations with generalized boundary conditions

Tallennettuna:
Bibliografiset tiedot
Päätekijä: Hönig, Chaim Samuel (Tekijä)
Aineistotyyppi: Kirja
Kieli:englanti
Julkaistu: Sao Paulo Universidade de Sao Paulo 1973
Sarja:Notas do Instituto de Matemática e Estadistica da Universidade de Sao Paulo
Aiheet:
Tagit: Lisää tagi
Ei tageja, Lisää ensimmäinen tagi!

MARC

LEADER 00000nam a2200000 a 4500
001 UCP1390
003 CL-VaPUC
008 990409e19730000BL |||||||||||||||||eng|d
082 0 4 |a 515.35  |b HON  |2 21 
100 |a Hönig, Chaim Samuel  |e author  |9 427416 
245 1 4 |a The abstract Riemann-Stieltjes integral and its applications to linear differenctial equations with generalized boundary conditions 
300 |a 135 p 
942 |c BK 
945 |d 19990409 00:00:00  |a crobeson 
260 |a Sao Paulo  |b Universidade de Sao Paulo  |c 1973 
650 7 |a ECUACIONES DIFERENCIALES LINEALES  |2 CL-VaPUC  |9 270390 
650 0 |a Integrales   |9 260233 
650 7 |a ESPACIOS DE BANACH  |2 CL-VaPUC  |9 260167 
583 |a last modification  |c 19990409 00:00:00  |k Rodrigo Vera 
490 0 |a Notas do Instituto de Matemática e Estadistica da Universidade de Sao Paulo 
999 |c 280071  |d 280069 
952 |0 0  |1 0  |4 0  |6 515_350000000000000_HON_1973  |7 0  |8 A  |9 320068  |a BIBMAT  |b BIBMAT  |d 2019-11-20  |i 1340352  |o 515.35 HON 1973  |p 1340352  |r 2025-01-07  |w 2019-11-20  |y BK  |k MAT